| 000 | 00951nam a2200241Ia 4500 | ||
|---|---|---|---|
| 003 | GCL | ||
| 008 | 140319s9999 xx 000 0 ara d | ||
| 040 |
_aGCL / _cGCL |
||
| 082 | 0 | 4 |
_aد _b330 _bص ع |
| 100 | 1 | _aصبرى عادل ابراهيم | |
| 245 | 1 | 0 |
_aالعولمة الاقتصادية الفوائد و المحاذير ( كتاب الاهرام الاقتصادى ع 227 اغسطس 2006 ) / _cصبرى عادل ابراهيم |
| 250 | _aالاولى | ||
| 260 |
_aالقاهرة : _bمؤسسة الاهرام ، _c2006 |
||
| 300 |
_a95 ص ؛ _c24 سم |
||
| 490 |
_aكتاب الاهرام الاقتصادى _v227 |
||
| 650 | 0 | 4 | _aالتكامل الاقتصادى |
| 650 | 0 | 4 | _aالتخطيط الاقتصادى |
| 650 | 0 | 4 | _aالاحوال الاقتصادية |
| 650 | 0 | 4 | _aالتنمية الاقتصادية |
| 650 | 0 | 4 | _aالانتاج |
| 650 | 0 | 4 | _aالعولمة - الجوانب الاقتصادية |
| 942 |
_2ddc _cBK |
||
| 999 |
_c8789 _d8789 |
||